[Event "OpenB"]
[Site "Caen"]
[Date "2011.08.23"]
[Round "7.1"]
[White "Bombail, Leonard"]
[Black "Civit, Pierre"]
[Result "1/2-1/2"]
[WhiteElo "1728"]
[BlackElo "1922"]
[PlyCount "60"]

1. b3 Nf6 2. Bb2 d5 3. e3 g6 4. Bxf6 exf6 5. g3 Bg7 6. Bg2 O-O 7. Ne2 f5 8. d4
c6 9. O-O Nd7 10. c4 Nf6 11. Nbc3 Be6 12. Qd3 Ne4 13. Rac1 Qd7 14. cxd5 cxd5
15. Qb5 Rfd8 16. Qxd7 Rxd7 17. Nxe4 fxe4 18. Rc2 Bf8 19. Nf4 Bf5 20. h3 h5 21.
Rfc1 Ba3 22. Rc8+ Rxc8 23. Rxc8+ Kg7 24. f3 exf3 25. Bxf3 Be4 26. Bxe4 dxe4 27.
Kf2 a5 28. Ne2 Bb4 29. Nc3 Bxc3 30. Rxc3 Rd6 1/2-1/2

[Event "OpenB"]
[Site "Caen"]
[Date "2011.08.23"]
[Round "7.2"]
[White "Lenoel, Marine"]
[Black "Houlgate, Anthony"]
[Result "0-1"]
[WhiteElo "1819"]
[BlackElo "1969"]
[PlyCount "172"]

1. e4 c5 2. Nc3 Nc6 3. g3 Nf6 4. Bg2 e6 5. f4 d6 6. d3 Be7 7. Nf3 O-O 8. O-O a6
9. h3 Rb8 10. Qe1 Nd4 11. Qf2 Qb6 12. Kh2 Rd8 13. e5 Nd7 14. exd6 Bxd6 15. Ne4
Be7 16. Nfd2 Qc7 17. Nc4 b5 18. Ne3 Nf6 19. b3 Bb7 20. Bb2 Nd5 21. Rac1 Nxe3
22. Qxe3 Nf5 23. Qe2 Nd4 24. Qh5 c4 25. dxc4 bxc4 26. Rfd1 Bxe4 27. Bxd4 Bxg2
28. Kxg2 Ba3 29. Qg5 Qc6+ 30. Kh2 e5 31. fxe5 Bxc1 32. Qxc1 Qe4 33. Qd2 c3 34.
Qd3 Qxd3 35. Rxd3 Rbc8 36. Kg2 Kf8 37. Rxc3 Rxc3 38. Bxc3 Ke8 39. Bb4 Rd5 40.
c4 Rxe5 41. Kf3 Rf5+ 42. Ke2 h5 43. h4 Kd7 44. Bc3 f6 45. b4 Kc6 46. Bd4 g5 47.
hxg5 fxg5 48. Bf2 g4 49. a4 Rf3 50. b5+ Kb7 51. Be1 Ra3 52. a5 Rf3 53. Kd2 Ra3
54. Ke2 Ra2+ 55. Ke3 Ra1 56. Ke2 Rc1 57. b6 Rxc4 58. Ke3 Ra4 59. Kf2 Ra3 60.
Bb4 Rf3+ 61. Kg2 Kc6 62. Bd2 Rf7 63. Bc3 Kd5 64. Bd2 Ke4 65. Bf4 Rd7 66. Bc7
Rd2+ 67. Kf1 Kf3 68. Ke1 Rb2 69. Kd1 Ke4 70. Kc1 Rb5 71. Kc2 Kd5 72. Bf4 Kc6
73. Bd2 Rf5 74. Be1 Rf3 75. Kd1 h4 76. gxh4 g3 77. Ke2 g2 78. Bf2 Rh3 79. Bg1
Rxh4 80. Kf3 Ra4 81. Kxg2 Rxa5 82. Kf3 Rb5 83. Ke2 a5 84. Kd2 a4 85. Kc2 a3 86.
Bd4 a2 0-1

[Event "OpenB"]
[Site "Caen"]
[Date "2011.08.23"]
[Round "7.3"]
[White "Veys, Vincent"]
[Black "Elice, Florent"]
[Result "1-0"]
[WhiteElo "1859"]
[BlackElo "1991"]
[PlyCount "93"]

1. e4 d6 2. Nc3 Nf6 3. d3 e5 4. g3 Nc6 5. Bg2 Be6 6. Nge2 Qd7 7. a3 Bh3 8. O-O
h5 9. f4 h4 10. f5 Bxg2 11. Kxg2 hxg3 12. hxg3 d5 13. Bg5 d4 14. Nb1 Be7 15.
Rh1 O-O-O 16. Bxf6 Bxf6 17. Nd2 g6 18. Qf1 Rxh1 19. Kxh1 Bg5 20. Nf3 Rh8+ 21.
Kg2 Be3 22. Nh2 f6 23. Ng4 Bg5 24. Qf3 gxf5 25. Qxf5 Qxf5 26. exf5 Ne7 27. Rf1
Nd5 28. c4 Ne3+ 29. Nxe3 Bxe3 30. Ng1 Bxg1 31. Rxg1 Kd7 32. g4 Ke7 33. Kg3 Kf7
34. b4 Kg7 35. Re1 Kf7 36. a4 c6 37. c5 Re8 38. Rh1 Kg7 39. Kf3 Rh8 40. Rxh8
Kxh8 41. Ke4 Kg7 42. g5 a6 43. gxf6+ Kxf6 44. a5 Ke7 45. Kxe5 Kf7 46. f6 Ke8
47. Ke6 1-0

[Event "OpenB"]
[Site "Caen"]
[Date "2011.08.23"]
[Round "7.4"]
[White "Sally, Paul-Adrien"]
[Black "Scamps, Guillaume"]
[Result "1-0"]
[WhiteElo "1979"]
[BlackElo "1858"]
[PlyCount "71"]

1. d4 Nf6 2. c4 c5 3. d5 b5 4. cxb5 a6 5. bxa6 Bxa6 6. b3 g6 7. Bb2 d6 8. e4
Bxf1 9. Kxf1 Bg7 10. Nd2 O-O 11. Qc2 Na6 12. a3 Nh5 13. Bxg7 Nxg7 14. g3 f5 15.
Kg2 fxe4 16. Qxe4 Nf5 17. Ngf3 Nc7 18. Rhe1 Ra7 19. g4 Nh6 20. Nc4 Nb5 21. Re3
Qa8 22. h4 Nc7 23. Rd1 e6 24. Nxd6 exd5 25. Qe7 Nxg4 26. Ng5 Nxe3+ 27. fxe3 d4+
28. e4 Ne8 29. Qe6+ Kg7 30. Qe5+ Nf6 31. Ne6+ Kg8 32. Nxf8 Qxf8 33. Rf1 Kg7 34.
Qxc5 Qe7 35. Qxd4 Rxa3 36. Rxf6 1-0

[Event "OpenB"]
[Site "Caen"]
[Date "2011.08.23"]
[Round "7.5"]
[White "Doucet, Antoine"]
[Black "Dufort, Mathieu"]
[Result "1/2-1/2"]
[WhiteElo "1840"]
[BlackElo "1949"]
[PlyCount "88"]

1. d4 Nf6 2. c4 g6 3. Nc3 d5 4. cxd5 Nxd5 5. e4 Nxc3 6. bxc3 Bg7 7. Nf3 O-O 8.
Bb2 c5 9. d5 Bg4 10. Be2 Nd7 11. O-O Bxf3 12. Bxf3 b5 13. Qc2 c4 14. a4 a6 15.
axb5 axb5 16. Rxa8 Qxa8 17. Ra1 Qb8 18. Rb1 Qd6 19. Bc1 Rb8 20. Be2 Qa6 21. g3
Rb7 22. Be3 Nb6 23. Bc5 Na4 24. Bb4 Rc7 25. Ra1 Be5 26. Bd1 Qf6 27. Ra3 Bd6 28.
Qb1 Nc5 29. Bxc5 Bxc5 30. Ra8+ Kg7 31. Qb2 b4 32. Kg2 Qe5 33. f3 Qxc3 34. Qxc3+
bxc3 35. Ra2 e6 36. dxe6 fxe6 37. Rc2 Bd4 38. Be2 Kf6 39. f4 e5 40. Kf3 Rb7 41.
Bxc4 Rb2 42. Rxb2 cxb2 43. Ba2 h6 44. h4 h5 1/2-1/2

[Event "OpenB"]
[Site "Caen"]
[Date "2011.08.23"]
[Round "7.6"]
[White "Dubois, Pierre"]
[Black "N'Guyen, Emilien"]
[Result "1-0"]
[WhiteElo "1946"]
[BlackElo "1817"]
[PlyCount "103"]

1. e4 Nc6 2. Nf3 d6 3. d4 Nf6 4. Nc3 Bg4 5. Be3 g6 6. h3 Bxf3 7. Qxf3 Bg7 8.
O-O-O Nd7 9. Bc4 e6 10. a3 Ne7 11. Rhe1 c6 12. Bf4 Nb6 13. Ba2 d5 14. exd5 cxd5
15. Bg5 h6 16. Bxe7 Qxe7 17. Nxd5 Nxd5 18. Bxd5 O-O-O 19. Bb3 Rd7 20. d5 Rhd8
21. dxe6 Rxd1+ 22. Rxd1 Rxd1+ 23. Qxd1 fxe6 24. Qg4 Kd7 25. Qxg6 Qg5+ 26. Qxg5
hxg5 27. c3 Kd6 28. Kd2 Ke5 29. Kd3 Bf8 30. Bc4 Bc5 31. Ke2 Kf5 32. Bd3+ Ke5
33. g3 a5 34. Bc4 Kf5 35. b4 axb4 36. axb4 Bd6 37. Bd3+ Kf6 38. Ke3 b6 39. Kd4
Be5+ 40. Kc4 Ke7 41. Be4 Kd6 42. h4 gxh4 43. gxh4 Bg7 44. h5 Ke5 45. Bd3 Kd6
46. Kb3 Kc6 47. c4 Bd4 48. f3 Be3 49. Be4+ Kd6 50. Ka4 Ke5 51. Kb5 Kd4 52. c5
1-0

[Event "OpenB"]
[Site "Caen"]
[Date "2011.08.23"]
[Round "7.7"]
[White "Roussey, Quentin"]
[Black "Hallay, Axel"]
[Result "0-1"]
[WhiteElo "1837"]
[BlackElo "1927"]
[PlyCount "110"]

1. Nf3 Nf6 2. d4 e6 3. g3 c5 4. c3 d5 5. Bg2 Nc6 6. e3 Bd6 7. dxc5 Bxc5 8. b4
Be7 9. Nbd2 O-O 10. O-O a6 11. a3 b5 12. Nd4 Bd7 13. Nxc6 Bxc6 14. c4 bxc4 15.
Nxc4 Bb5 16. Ne5 Bxf1 17. Nc6 Qd7 18. Nxe7+ Qxe7 19. Bxf1 Rfc8 20. Bb2 Ne4 21.
Bd3 f5 22. Bd4 e5 23. Bxe4 dxe4 24. Qb3+ Qf7 25. Qxf7+ Kxf7 26. Bxe5 a5 27. Rb1
a4 28. b5 Ra7 29. b6 Rb7 30. Bd4 Ke6 31. Rb5 Ra8 32. Re5+ Kd6 33. Rxf5 g6 34.
Re5 Re7 35. Rb5 Kc6 36. Rc5+ Kb7 37. g4 Rc8 38. Ra5 Ra8 39. Rb5 Kc6 40. Rc5+
Kb7 41. Rc4 Ra5 42. Kf1 h5 43. g5 Re6 44. h4 Rc6 45. Rb4 Rc2 46. f4 exf3 47. e4
Ra8 48. Bf6 Rac8 49. Be5 Ra2 50. Bc7 Rf8 51. Rxa4 f2 52. Be5 Rc2 53. Bf6 Rfc8
54. Be5 Rd2 55. Rb4 Rc1+ 0-1

[Event "OpenB"]
[Site "Caen"]
[Date "2011.08.23"]
[Round "7.8"]
[White "Demeure, Florian"]
[Black "Bach, Anatole"]
[Result "0-1"]
[WhiteElo "1807"]
[BlackElo "1923"]
[PlyCount "128"]

1. e4 c5 2. Nf3 e6 3. d4 cxd4 4. Nxd4 Nc6 5. Nc3 a6 6. Nxc6 bxc6 7. e5 Qc7 8.
Bf4 Rb8 9. Rb1 f6 10. Bg3 f5 11. a3 Ne7 12. Be2 Ng6 13. Bh5 Be7 14. O-O O-O 15.
f4 a5 16. Qd3 Rd8 17. Ne2 Rb6 18. c4 Ba6 19. Qc3 Rdb8 20. Rfd1 Rb3 21. Qc2 Bc5+
22. Kh1 Nf8 23. Nc1 R3b6 24. Nd3 Be7 25. c5 Rb3 26. Nb4 R8xb4 27. axb4 Rxb4 28.
b3 g6 29. Bf3 Qa7 30. Rdc1 g5 31. fxg5 Bxg5 32. Re1 Ng6 33. Ra1 Rb5 34. Bf2 Bc8
35. g3 Qb8 36. Bd1 Nxe5 37. Qc3 d6 38. Bd4 Ng6 39. cxd6 Qxd6 40. Bf3 c5 41. Be3
Bxe3 42. Rxe3 Qd4 43. Rc1 Qxc3 44. Rexc3 Bd7 45. Bd1 Ne5 46. Kg1 Rb6 47. Be2
Nf7 48. Rxc5 Rxb3 49. Rxa5 Rb7 50. Bc4 Kg7 51. Re1 Kf6 52. Ba2 Ng5 53. Rb1 Rc7
54. Rf1 Rc2 55. Rd1 Nf3+ 56. Kf1 Nxh2+ 57. Kg1 Nf3+ 58. Kf1 Bc6 59. Bb1 Nh2+
60. Ke1 Nf3+ 61. Kf1 Nh2+ 62. Ke1 Rg2 63. Ra3 Nf3+ 64. Kf1 Nd2+ 0-1

[Event "OpenB"]
[Site "Caen"]
[Date "2011.08.23"]
[Round "7.9"]
[White "Collette, Gilles"]
[Black "Flick, Antoine"]
[Result "1-0"]
[WhiteElo "1895"]
[BlackElo "1769"]
[PlyCount "155"]

1. e4 e6 2. d3 d5 3. Nd2 Nf6 4. Ngf3 b6 5. c3 c5 6. e5 Nfd7 7. d4 Nc6 8. Bb5
Bb7 9. Nf1 Rc8 10. a3 a6 11. Bd3 c4 12. Bc2 b5 13. Be3 a5 14. Ng3 b4 15. axb4
axb4 16. Ng5 g6 17. h4 Qe7 18. h5 Bg7 19. Qg4 bxc3 20. bxc3 Ndxe5 21. dxe5 Nxe5
22. Qd1 Nd3+ 23. Kd2 Bxc3+ 24. Ke2 d4 25. Bd2 Qf6 26. Bxd3 cxd3+ 27. Kf1 h6 28.
N5e4 Qe5 29. f4 Qc7 30. hxg6 fxg6 31. Qg4 Kf7 32. Rd1 Qc6 33. Kf2 Qd5 34. Qh4
Qd8 35. Qxd8 Rcxd8 36. Nxc3 dxc3 37. Bxc3 Rh7 38. Rh2 Ke7 39. Bb4+ Ke8 40. Ke3
h5 41. Ne4 Bxe4 42. Kxe4 Rb7 43. Bc3 Rb3 44. Rxd3 Rc8 45. Rhh3 Rc4+ 46. Bd4 Rb2
47. Rhg3 Kf7 48. Ke3 Rbb4 49. Be5 Rb7 50. Ke2 Rc2+ 51. Rd2 Rc5 52. Rgd3 Rcb5
53. Rd7+ Kg8 54. Rd8+ Kf7 55. R2d7+ Rxd7 56. Rxd7+ Kf8 57. Bd6+ Kg8 58. Re7
Rb2+ 59. Kf1 Rb1+ 60. Kf2 Rd1 61. Be5 Rd2+ 62. Kg1 Rd1+ 63. Kh2 Re1 64. Rg7+
Kf8 65. Rxg6 Kf7 66. Rg7+ Kf8 67. Rh7 Re3 68. Rxh5 Rb3 69. g3 Kf7 70. Rh7+ Kg8
71. Rg7+ Kf8 72. Kh3 Rb1 73. Kg4 Rb5 74. Ra7 Rb6 75. Kg5 Rc6 76. Kf6 Rc8 77.
Rh7 Kg8 78. Kg6 1-0

[Event "OpenB"]
[Site "Caen"]
[Date "2011.08.23"]
[Round "7.10"]
[White "Vigneron, Quentin"]
[Black "Bonvalot, Isabelle"]
[Result "1-0"]
[WhiteElo "1994"]
[BlackElo "1897"]
[PlyCount "51"]

1. d4 f5 2. c4 g6 3. Nc3 Nf6 4. h4 Bg7 5. h5 Nxh5 6. e4 e6 7. exf5 exf5 8. Rxh5
Qe7+ 9. Be2 gxh5 10. Nd5 Qe4 11. Nxc7+ Kd8 12. Nxa8 Qxg2 13. Nf3 Bf6 14. Bf4
Na6 15. Qd3 Qh1+ 16. Bf1 Re8+ 17. Kd2 Re4 18. Bg5 Bxg5+ 19. Nxg5 Rf4 20. Qe3
Re4 21. Nxe4 fxe4 22. Qg5+ Ke8 23. Be2 Qxa1 24. Bxh5+ Kf8 25. Qf6+ Kg8 26. Qf7+
1-0

[Event "OpenB"]
[Site "Caen"]
[Date "2011.08.24"]
[Round "8.1"]
[White "Houlgate, Anthony"]
[Black "Bombail, Leonard"]
[Result "1-0"]
[WhiteElo "1969"]
[BlackElo "1728"]
[PlyCount "57"]

1. e4 e5 2. Nf3 Nc6 3. Bb5 a6 4. Ba4 Nf6 5. O-O Be7 6. Re1 b5 7. Bb3 d6 8. c3
O-O 9. d4 Bg4 10. d5 Na5 11. Bc2 Ne8 12. h3 Bh5 13. g4 Bg6 14. Nbd2 Qd7 15. Nf1
h5 16. N3h2 hxg4 17. hxg4 Bh7 18. Re3 Bg5 19. Rh3 Bf4 20. Bxf4 exf4 21. e5 g6
22. Qd4 dxe5 23. Qxe5 Qd6 24. Qg5 Qf6 25. Qh6 Qg7 26. Qxf4 Nd6 27. Nf3 Nac4 28.
Ng5 f6 29. Rxh7 1-0

[Event "OpenB"]
[Site "Caen"]
[Date "2011.08.24"]
[Round "8.2"]
[White "Bach, Anatole"]
[Black "Sally, Paul-Adrien"]
[Result "1/2-1/2"]
[WhiteElo "1923"]
[BlackElo "1979"]
[PlyCount "92"]

1. e4 c6 2. d4 d5 3. Nc3 dxe4 4. Nxe4 Nd7 5. Nf3 Ngf6 6. Nxf6+ Nxf6 7. Bd3 Bg4
8. c3 e6 9. h3 Bh5 10. g4 Bg6 11. Ne5 Bd6 12. Nxg6 hxg6 13. Bg5 Qc7 14. Bxf6
gxf6 15. Qf3 Bf4 16. Kd1 O-O-O 17. Kc2 c5 18. dxc5 g5 19. b4 Rd5 20. Rad1 Rhd8
21. Kb1 a5 22. a3 Qc6 23. Bc2 axb4 24. axb4 Rxc5 25. Be4 Qb6 26. Bxb7+ Kc7 27.
Rxd8 Kxd8 28. Qd3+ Kc7 29. Qa6 Qxa6 30. Bxa6 Rc6 31. Be2 Bd2 32. c4 Bxb4 33.
Rd1 Rb6 34. f3 Bd6+ 35. Kc2 Ra6 36. Rb1 Ra2+ 37. Rb2 Ra8 38. Kd3 Ra3+ 39. Kc2
Be5 40. Rb1 Ra2+ 41. Kd3 Bf4 42. Rd1 Kc6 43. Bf1 Kc5 44. Ke4 Ra3 45. Bd3 Bc7
46. Bf1 Bf4 1/2-1/2

[Event "OpenB"]
[Site "Caen"]
[Date "2011.08.24"]
[Round "8.3"]
[White "Civit, Pierre"]
[Black "Dubois, Pierre"]
[Result "0-1"]
[WhiteElo "1922"]
[BlackElo "1946"]
[PlyCount "84"]

1. c4 e5 2. g3 c6 3. Nf3 e4 4. Nd4 d5 5. cxd5 Qxd5 6. Nb3 Nf6 7. Bg2 Qh5 8. O-O
Bh3 9. f3 Nbd7 10. e3 Ne5 11. fxe4 Bg4 12. Qc2 Nf3+ 13. Bxf3 Bxf3 14. d3 Bd6
15. Nd4 Bg4 16. Nf5 Bxf5 17. exf5 Qg4 18. Nc3 h5 19. Qe2 Qb4 20. Bd2 Qb6 21. d4
O-O-O 22. Rac1 Rde8 23. Rc2 Kb8 24. Qf3 h4 25. g4 Qc7 26. h3 Qe7 27. Kg2 Bc7
28. a3 Qd6 29. Rh1 Nh7 30. e4 Qxd4 31. Bf4 Bxf4 32. Qxf4+ Ka8 33. Rd1 Qb6 34.
b4 Nf6 35. Re2 Qa6 36. a4 Nd5 37. exd5 Rxe2+ 38. Kh1 Rc2 39. b5 Qb6 40. a5 Qxa5
41. Ne4 cxd5 42. Nd6 Qc3 0-1

[Event "OpenB"]
[Site "Caen"]
[Date "2011.08.24"]
[Round "8.4"]
[White "Hallay, Axel"]
[Black "Collette, Gilles"]
[Result "1/2-1/2"]
[WhiteElo "1927"]
[BlackElo "1895"]
[PlyCount "92"]

1. d4 Nf6 2. c4 Nc6 3. Nf3 e6 4. Nc3 Bb4 5. Qc2 d6 6. a3 Bxc3+ 7. Qxc3 Ne4 8.
Qc2 f5 9. e3 O-O 10. Bd3 Nf6 11. O-O Qd7 12. b4 e5 13. dxe5 Nxe5 14. Nxe5 dxe5
15. Bb2 e4 16. Be2 Qe7 17. Rfd1 Be6 18. c5 Qf7 19. Rac1 Rad8 20. Rd4 Rxd4 21.
Bxd4 Nd5 22. Bc4 Rd8 23. Qb3 f4 24. exf4 Nxf4 25. Bxe6 Qxe6 26. Qxe6+ Nxe6 27.
Be3 Rd3 28. Ra1 Rb3 29. Kf1 Kf7 30. Ra2 Kf6 31. Ke2 g5 32. Kd2 Rd3+ 33. Kc2 Ke5
34. a4 Nf4 35. g3 Nd5 36. Bd2 g4 37. Rb2 Rf3 38. Be1 Kd4 39. Rb1 Kc4 40. Kd1
Nc3+ 41. Bxc3 Kxc3 42. Ke2 Kc2 43. Rh1 Kb3 44. h3 h5 45. hxg4 hxg4 46. Rh7 Kxa4
1/2-1/2

[Event "OpenB"]
[Site "Caen"]
[Date "2011.08.24"]
[Round "8.5"]
[White "Veys, Vincent"]
[Black "Vigneron, Quentin"]
[Result "0-1"]
[WhiteElo "1859"]
[BlackElo "1994"]
[PlyCount "86"]

1. e4 c5 2. Nf3 e6 3. d4 cxd4 4. Nxd4 Nc6 5. Nc3 a6 6. Be2 d6 7. O-O Be7 8. Be3
Nf6 9. Kh1 O-O 10. f4 Bd7 11. Qe1 Nxd4 12. Bxd4 Bc6 13. Bd3 b5 14. a3 Rc8 15.
Rd1 g6 16. e5 dxe5 17. fxe5 Qxd4 18. exf6 Bxf6 19. Bxg6 Bxg2+ 20. Kxg2 Qg4+ 21.
Kh1 fxg6 22. Qe3 Bd4 23. Rxf8+ Rxf8 24. Qe4 Qxe4+ 25. Nxe4 Bxb2 26. Nc5 Bxa3
27. Nxe6 Re8 28. Nc7 Re2 29. Rd8+ Kg7 30. Rd7+ Kh6 31. Nxa6 Rxc2 32. Rb7 Rc6
33. Nc7 Rc1+ 34. Kg2 Rc2+ 35. Kf3 b4 36. h3 Rc3+ 37. Kg2 b3 38. Nd5 Rc2+ 39.
Kf3 b2 40. Ne3 Rc1 41. h4 g5 42. Ng4+ Kg6 43. Ne5+ Kf5 0-1

[Event "OpenB"]
[Site "Caen"]
[Date "2011.08.24"]
[Round "8.6"]
[White "Garnier, Teddy"]
[Black "Cleran, Anthony"]
[Result "1-0"]
[WhiteElo "1932"]
[BlackElo "1983"]
[PlyCount "37"]

1. e4 d5 2. exd5 Nf6 3. Nf3 Nxd5 4. d4 g6 5. c4 Nb6 6. Nc3 Bg7 7. c5 N6d7 8.
Bc4 O-O 9. Bg5 b6 10. O-O h6 11. Bh4 bxc5 12. dxc5 Bb7 13. Re1 Nc6 14. Nd5 Re8
15. Qc2 Nf6 16. Nxf6+ exf6 17. Qxg6 Rxe1+ 18. Rxe1 Bc8 19. Bxf7+ 1-0

[Event "OpenB"]
[Site "Caen"]
[Date "2011.08.24"]
[Round "8.7"]
[White "Leveque, Guillaume"]
[Black "Masset, Jacques"]
[Result "0-1"]
[WhiteElo "1912"]
[BlackElo "1978"]
[PlyCount "138"]

1. e4 e5 2. Nf3 Nc6 3. Bb5 a6 4. Ba4 Nf6 5. O-O Be7 6. Re1 b5 7. Bb3 O-O 8. h3
d6 9. c3 Na5 10. Bc2 c5 11. d4 Qc7 12. Nbd2 Re8 13. Nf1 exd4 14. cxd4 Bf8 15.
Bg5 Nd7 16. Ne3 Nb6 17. Bf4 Bb7 18. Nf5 cxd4 19. N3xd4 Nac4 20. b3 Ne5 21. Rc1
Rac8 22. Nf3 Nbd7 23. Bh2 Nf6 24. Nxe5 dxe5 25. f3 Ba3 26. Ne3 Bxc1 27. Qxc1
Qc3 28. Nf5 g6 29. Nh6+ Kf8 30. Re2 Qd4+ 31. Kh1 Red8 32. Bg1 Qd6 33. Ng4 Nxg4
34. hxg4 Kg7 35. Qb2 g5 36. b4 Rc4 37. a3 Rdc8 38. Bc5 R8xc5 39. bxc5 Qxc5 40.
Kh2 Rc3 41. Bb3 Rc1 42. Bd5 Qg1+ 43. Kg3 Bxd5 44. exd5 f6 45. Qb4 Qc5 46. Qxc5
Rxc5 47. Rd2 Rc7 48. Kf2 Kf7 49. Ke3 Rc3+ 50. Ke4 Rc4+ 51. Ke3 Ke7 52. g3 Kd6
53. Rh2 Kxd5 54. Rxh7 Rc3+ 55. Ke2 Rxa3 56. Rh6 Kd4 57. Rxf6 Ra2+ 58. Kf1 b4
59. Rb6 a5 60. f4 exf4 61. gxf4 gxf4 62. g5 Ke3 63. g6 Ra1+ 64. Kg2 f3+ 65. Kh2
Ra2+ 66. Kh3 Rg2 67. Ra6 Kf2 68. Rxa5 Rxg6 69. Ra2+ Ke3 0-1

[Event "OpenB"]
[Site "Caen"]
[Date "2011.08.24"]
[Round "8.8"]
[White "Gey, Marc-Emile"]
[Black "Renaux, Osmin"]
[Result "0-1"]
[WhiteElo "1847"]
[BlackElo "1964"]
[PlyCount "48"]

1. d4 Nf6 2. Nf3 g6 3. g3 Bg7 4. c4 O-O 5. Bg2 d6 6. O-O Nc6 7. Nc3 Na5 8. b3
c5 9. Bb2 Bf5 10. Nh4 cxd4 11. Qxd4 Ng4 12. Qd2 Bd7 13. Nd5 Bxb2 14. Qxb2 e6
15. Nb4 Qb6 16. Nd3 f5 17. Qc3 Rac8 18. e4 g5 19. Nf3 fxe4 20. Nxg5 exd3 21.
Be4 e5 22. Bd5+ Kg7 23. Qd2 Nf6 24. Qxd3 h6 0-1

[Event "OpenB"]
[Site "Caen"]
[Date "2011.08.24"]
[Round "8.9"]
[White "Dufort, Mathieu"]
[Black "Lenoel, Marine"]
[Result "0-1"]
[WhiteElo "1949"]
[BlackElo "1819"]
[PlyCount "68"]

1. e4 e5 2. Nf3 Nc6 3. d4 exd4 4. Nxd4 Bc5 5. Nf5 Qf6 6. Nc3 Nge7 7. Ne3 d6 8.
Bd3 Ne5 9. Be2 O-O 10. g3 c6 11. f4 N5g6 12. Na4 Nxf4 13. Rf1 Bxe3 14. Bxe3
Ng2+ 15. Kd2 Nxe3 16. Kxe3 Qg5+ 17. Kf2 Bh3 18. Qxd6 Bxf1 19. Rxf1 Rad8 20. Qf4
Qa5 21. Nc3 Qb6+ 22. Kg2 Qxb2 23. Qe3 Qxc2 24. Rf2 Qd2 25. Qf3 Qd7 26. h4 h6
27. h5 b5 28. e5 Qd4 29. Ne4 Qxe5 30. g4 f5 31. Ng3 Qd5 32. Nxf5 Nxf5 33. Qxd5+
Rxd5 34. gxf5 Rdxf5 0-1

[Event "OpenB"]
[Site "Caen"]
[Date "2011.08.24"]
[Round "8.10"]
[White "Doucet, Antoine"]
[Black "Moullier, Igor"]
[Result "1-0"]
[WhiteElo "1840"]
[BlackElo "1943"]
[PlyCount "107"]

1. d4 e6 2. c4 Nf6 3. Nc3 Bb4 4. Qc2 d5 5. e3 O-O 6. cxd5 exd5 7. Bd3 a6 8.
Nge2 Re8 9. O-O Bd6 10. f3 c5 11. Kh1 Nc6 12. a3 Bd7 13. dxc5 Bc7 14. e4 dxe4
15. Nxe4 Nxe4 16. Bxe4 g6 17. Rd1 Qe7 18. b4 Rad8 19. Bf4 Bxf4 20. Nxf4 Qe5 21.
Nd5 Bf5 22. Bxf5 Rxd5 23. Be4 Rxd1+ 24. Rxd1 f5 25. Qc4+ Kf8 26. Bxc6 Qe1+ 27.
Qf1 Qxf1+ 28. Rxf1 bxc6 29. Kg1 Re3 30. Ra1 Rb3 31. Ra2 Ke7 32. Kf2 Ke6 33. Rd2
Rxa3 34. Rd6+ Ke5 35. Rxc6 Kd4 36. Kg3 Ra2 37. Kf4 Ra4 38. Rd6+ Kc3 39. Rb6 a5
40. c6 axb4 41. c7 b3+ 42. Ke5 Rc4 43. Kd6 b2 44. Rb8 Rxc7 45. Kxc7 Kc2 46. Kd6
b1=Q 47. Rxb1 Kxb1 48. Ke5 Kc2 49. Kf6 Kd2 50. Kg7 Ke3 51. Kxh7 g5 52. Kg6 Kf4
53. g3+ Kxf3 54. Kxg5 1-0

[Event "OpenB"]
[Site "Caen"]
[Date "2011.08.25"]
[Round "9.1"]
[White "Dubois, Pierre"]
[Black "Houlgate, Anthony"]
[Result "1-0"]
[WhiteElo "1946"]
[BlackElo "1969"]
[PlyCount "103"]
[EventDate "2011.??.??"]

1. e4 e5 2. Nf3 Nf6 3. Nxe5 d6 4. Nf3 Nxe4 5. Nc3 Nxc3 6. dxc3 Be7 7. Bf4 O-O
8. Qd2 Nc6 9. O-O-O Be6 10. Kb1 Bf6 11. Ng5 Bxg5 12. Bxg5 f6 13. Bf4 Ne5 14. h4
Qd7 15. h5 Nc4 16. Qc1 Qc6 17. h6 g6 18. Bd3 Ne5 19. f3 a5 20. Rhe1 Nxd3 21.
cxd3 Rae8 22. Qc2 b5 23. Re2 Bf7 24. Rde1 Rxe2 25. Rxe2 Re8 26. b3 g5 27. Bc1
Rxe2 28. Qxe2 Qe8 29. Qf2 c5 30. f4 Bg6 31. Qf3 Qe6 32. Qa8+ Kf7 33. Qb7+ Qe7
34. Qxb5 Qe2 35. Qd7+ Qe7 36. Qxe7+ Kxe7 37. Kc2 g4 38. Kd2 Kf7 39. Ke3 Bf5 40.
c4 Ke6 41. Bb2 d5 42. cxd5+ Kxd5 43. Bxf6 a4 44. bxa4 c4 45. dxc4+ Kxc4 46. a5
Bc8 47. Ke4 Bb7+ 48. Kf5 g3 49. Bh4 Bxg2 50. Bxg3 Bb7 51. Ke5 Kb5 52. f5 1-0

[Event "OpenB"]
[Site "Caen"]
[Date "2011.08.25"]
[Round "9.2"]
[White "Bombail, Leonard"]
[Black "Sally, Paul-Adrien"]
[Result "1/2-1/2"]
[WhiteElo "1728"]
[BlackElo "1979"]
[PlyCount "91"]

1. e3 d5 2. c4 c6 3. Nf3 Nf6 4. b3 Bg4 5. Bb2 e6 6. Be2 Nbd7 7. O-O Be7 8. Ne5
Bxe2 9. Qxe2 Nxe5 10. Bxe5 O-O 11. f4 Nd7 12. Qg4 Bf6 13. d4 c5 14. Nd2 cxd4
15. exd4 dxc4 16. Nxc4 b5 17. Nd6 Qb6 18. Kh1 g6 19. a4 a6 20. Rfc1 Be7 21. a5
Qa7 22. Rc6 Nxe5 23. dxe5 Bxd6 24. exd6 Qe3 25. Qd1 Qxf4 26. Rac1 Qf5 27. d7 e5
28. Qd6 Rad8 29. Rd1 e4 30. Rc5 Rxd7 31. Rxf5 Rxd6 32. Rxd6 gxf5 33. Rxa6 Rd8
34. Kg1 Rd1+ 35. Kf2 Rb1 36. Rb6 Rxb3 37. a6 Kg7 38. a7 Ra3 39. Rxb5 Rxa7 40.
Rxf5 Ra2+ 41. Kg3 Kg6 42. Rb5 Ra6 43. Rb3 Rf6 44. Rb4 Kf5 45. Rb5+ Kg6 46. Re5
1/2-1/2

[Event "OpenB"]
[Site "Caen"]
[Date "2011.08.25"]
[Round "9.3"]
[White "Vigneron, Quentin"]
[Black "Bach, Anatole"]
[Result "1-0"]
[WhiteElo "1994"]
[BlackElo "1923"]
[PlyCount "113"]

1. e4 Nf6 2. e5 Nd5 3. d4 d6 4. Nf3 Bg4 5. Be2 e6 6. c4 Nb6 7. O-O Be7 8. Nbd2
Nc6 9. b3 O-O 10. Bb2 dxe5 11. Nxe5 Bxe2 12. Nxc6 Bxd1 13. Nxd8 Rfxd8 14. Raxd1
a5 15. a4 Bb4 16. Ne4 h6 17. Rd3 Rd7 18. Rfd1 Rad8 19. Kf1 f5 20. Ng3 c6 21.
Ke2 g6 22. Nf1 Na8 23. h3 Nc7 24. Nh2 Na6 25. Nf3 Bd6 26. Bc3 Bc7 27. Re3 Kf7
28. Ne5+ Bxe5 29. Rxe5 b6 30. Re3 c5 31. Red3 cxd4 32. Rxd4 Nc5 33. Rxd7+ Rxd7
34. Rxd7+ Nxd7 35. b4 axb4 36. Bxb4 Ne5 37. c5 Nc6 38. Ba3 b5 39. axb5 Nd4+ 40.
Kd3 Nxb5 41. Bc1 h5 42. c6 Na7 43. c7 Ke7 44. Be3 Nc8 45. Kd4 Na7 46. Kc5 Kd7
47. Kb6 Nc8+ 48. Kb7 Nd6+ 49. Kb8 e5 50. Bc5 Nc8 51. h4 f4 52. f3 e4 53. fxe4
g5 54. e5 g4 55. e6+ Ke8 56. Kxc8 g3 57. Kb8 1-0

[Event "OpenB"]
[Site "Caen"]
[Date "2011.08.25"]
[Round "9.4"]
[White "Masset, Jacques"]
[Black "Doucet, Antoine"]
[Result "0-1"]
[WhiteElo "1978"]
[BlackElo "1840"]
[PlyCount "100"]

1. d4 d5 2. Nf3 c6 3. c4 e6 4. Nc3 Nf6 5. Bg5 Nbd7 6. cxd5 exd5 7. Qc2 Be7 8.
e3 O-O 9. Bd3 Re8 10. O-O Nf8 11. Rab1 a5 12. a3 g6 13. b4 axb4 14. axb4 Ne6
15. Bh4 Ng7 16. h3 Bf5 17. b5 Bxd3 18. Qxd3 Ra3 19. Qc2 Qa5 20. Rfc1 Nf5 21.
Bxf6 Bxf6 22. bxc6 bxc6 23. Nd1 Ne7 24. Nd2 Ra2 25. Rb2 Rxb2 26. Nxb2 Ra8 27.
Nb3 Qb4 28. Nd3 Qd6 29. Nbc5 Kg7 30. Rb1 Rb8 31. Nb7 Qa3 32. Ndc5 Ra8 33. Nb3
Qb4 34. N3c5 Qa3 35. Qd1 Qc3 36. Na4 Qa3 37. Nbc5 Qa2 38. Nb6 Ra3 39. Nd3 Rc3
40. Nd7 Bh4 41. g3 Bg5 42. Nb4 Qa3 43. h4 Bxe3 44. Nc2 Bxf2+ 45. Kxf2 Qa2 46.
Rc1 Nf5 47. Qd2 Nxg3 48. Ke1 Ne4 49. Qe2 Qb2 50. Qd1 Rh3 0-1

[Event "OpenB"]
[Site "Caen"]
[Date "2011.08.25"]
[Round "9.5"]
[White "Renaux, Osmin"]
[Black "Legoupil, Benoit"]
[Result "0-1"]
[WhiteElo "1964"]
[BlackElo "1823"]
[PlyCount "46"]

1. d4 e5 2. dxe5 Nc6 3. e4 Nxe5 4. f4 Nc6 5. Be3 Bb4+ 6. c3 Ba5 7. Nf3 Nf6 8.
Bc4 O-O 9. e5 Ng4 10. Bg1 d6 11. h3 Nh6 12. Na3 Qe7 13. Qd5 dxe5 14. Bc5 Qe8
15. Bxf8 exf4+ 16. Be2 Qxf8 17. O-O-O Bxc3 18. Nb5 Ba5 19. Ng5 Qe7 20. Bd3 g6
21. a3 a6 22. Nd4 Nxd4 23. Qxa5 Nb3+ 0-1

[Event "OpenB"]
[Site "Caen"]
[Date "2011.08.25"]
[Round "9.6"]
[White "Collette, Gilles"]
[Black "Garnier, Teddy"]
[Result "0-1"]
[WhiteElo "1895"]
[BlackElo "1932"]
[PlyCount "92"]

1. e4 c6 2. d4 d5 3. e5 Bf5 4. Nc3 e6 5. g4 Bg6 6. Nge2 f6 7. Nf4 fxe5 8. Nxe6
Qe7 9. Nxd5 cxd5 10. Nxf8 exd4+ 11. Be2 Kxf8 12. O-O Nc6 13. a3 Re8 14. Bb5 Nf6
15. g5 Ne4 16. Bxc6 bxc6 17. Qxd4 Nxg5 18. Qf4+ Nf7 19. Bd2 Qf6 20. Qb4+ Kg8
21. Rae1 Re4 22. Qb8+ Nd8 23. f3 Rxe1 24. Rxe1 h6 25. Bc3 d4 26. Bb4 Kh7 27.
Qxa7 Ne6 28. Qe7 Qg5+ 29. Kf2 Re8 30. Qxg5 Nxg5 31. Rd1 Ne6 32. a4 c5 33. Bd2
Bxc2 34. Ra1 Ra8 35. a5 Bd3 36. f4 Kg6 37. Kf3 Kf6 38. b4 c4 39. b5 Nc5 40. Bb4
Be4+ 41. Ke2 Nb3 42. Ra3 Ke6 43. a6 Rb8 44. a7 Rxb5 45. Ra6+ Kf5 46. Bf8 Ra5
0-1